|
|
|
|
| LEADER |
00000nam0a2200000 4500 |
| 001 |
95105 |
| 005 |
20231031105933.0 |
| 035 |
|
|
|a (RuTPU)RU\TPU\book\101857
|
| 090 |
|
|
|a 95105
|
| 100 |
|
|
|a 20021008d1977 k y0rusy50 ca
|
| 101 |
0 |
|
|a rus
|
| 102 |
|
|
|a RU
|
| 105 |
|
|
|a a z 001zy
|
| 200 |
1 |
|
|a Теоретическая фотометрия
|f Р. А. Сапожников
|
| 205 |
|
|
|a 3-е изд., перераб. и доп.
|
| 210 |
|
|
|a Ленинград
|c Энергия
|d 1977
|
| 215 |
|
|
|a 268 с.
|c черт.
|
| 320 |
|
|
|a Библиогр.: с. 261-262.
|
| 610 |
1 |
|
|a физика
|
| 610 |
1 |
|
|a фотометрия
|
| 610 |
1 |
|
|a точечные источники
|
| 610 |
1 |
|
|a излучающие поверхности
|
| 610 |
1 |
|
|a закон Ламберта
|
| 610 |
1 |
|
|a многократное отражение
|
| 675 |
|
|
|a 535.24
|v 3
|
| 700 |
|
1 |
|a Сапожников
|b Р. А.
|g Ростислав Алексеевич
|
| 801 |
|
1 |
|a RU
|b 63413507
|c 20060420
|g PSBO
|
| 801 |
|
2 |
|a RU
|b 63413507
|c 20071102
|g PSBO
|
| 942 |
|
|
|c BK
|